Civilisations d'Age of Empire III et leurs dirigeants - Statistiques

Statistiques générales
  • Ce quiz a été pris 109 fois
    28 depuis la dernière actualisation
  • Le résultat moyen est 20 sur 42
Statistiques - réponses
Jeu Civilisation % Correct
Français
96%
Civilisations Britanniques
92%
Espagnols
92%
Portugais
92%
Age of Empire III Allemands
84%
Age of Empires III: The Asian Dynasties Chinois
84%
Japonais
84%
Russes
84%
Ottomans
80%
Age of Empires III: The WarChiefs Aztèques
76%
Hollandais
76%
Knights of the Mediterranean Italiens
72%
Napoléon I
72%
Civilisations Indiens
68%
Sioux
68%
Ivan le Terrible
60%
Civilisations Iroquois
56%
Etats-Unis
52%
Civilisations Éthiopiens
52%
Age of Empires III: Definitive Edition Incas
52%
Isabelle I
52%
Soliman le Magnifique
52%
Dirigeants Frédéric II le Grand
48%
Maltais
48%
Henri le Navigateur
44%
Tokugawa Ieyasu
44%
Maurice de Nassau
40%
Mexicains
40%
Elizabeth I
32%
The African Royals Haoussa
28%
Akbar le Grand
16%
George Washington
16%
Dirigeants Cuauhtémoc
12%
Dirigeants Kangxi
12%
Dirigeants Amina
8%
Gall
8%
Hiawatha
8%
Jean de La-Valette-Parisot
8%
Giuseppe Garibaldi
4%
Huayna Capac
0%
Padre Miguel
0%
Téwodros
0%
Aucun quiz correspondant
Distribution des résultats
% des personnes avec chaque résultat
Percentile par nombre de réponses
Votre historique - résultats
Vous n’avez pas pris ce quiz depuis la dernière actualisation